Statistics for Croatia Euro 2021 Squad

Click here to take the quiz!

General Stats

  • This quiz has been taken 31 times
  • The average score is 19 of 26

Answer Stats

PositionClubPlayer% Correct
MFReal MadridLuka Modric
100%
MFChelseaMateo Kovacic
100%
FWTSG HoffenheimAndrej Kramaric
96%
FWAC MilanAnte Rebic
96%
DFBesiktasDomagoj Vida
96%
DFZenit St. PetersburgDejan Lovren
91%
GKDinamo ZagrebDominik Livakovic
91%
MFInter MilanMarcelo Brozovic
91%
MFInter MilanIvan Perisic
87%
DFAtletico MadridSime Vrsaljko
87%
MFAtalantaMario Pasalic
78%
DFOlympique MarseilleDuje Caleta-Car
74%
FWVFL WolfsburgJosip Brekalo
74%
FWDinamo ZagrebBruno Petkovic
70%
DFRB LeipzigJosko Gvardiol
70%
GKHajduk SplitLovre Kalinic
70%
MFCSKA MoscowNikola Vlasic
70%
FWCA OsasunaAnte Budimir
65%
DFRangersBorna Barisic
65%
MFDinamo ZagrebMislav Orsic
65%
DFLOSC LilleDomagoj Bradaric
57%
DFLegia WarsawJosip Juranovic
52%
MFGenoaMilan Badelj
48%
GKLuton TownSimon Sluga
48%
MFDinamo ZagrebLuka Ivanusec
39%
DFOsijekMile Skoric
39%

Score Distribution

Percentile by Number Answered

Percent of People with Each Score

Your Score History

You have not taken this quiz